| 000 | 00910nam a2200229Ia 4500 | ||
|---|---|---|---|
| 003 | Ost | ||
| 005 | 20260507075050.0 | ||
| 008 | 260507s9999||||xx |||||||||||||| ||und|| | ||
| 020 | _a9773280837 | ||
| 040 | _cfsecg | ||
| 041 | _aara | ||
| 082 | _a300 | ||
| 100 |
_aترك، محمد عبد الفتاح _eمؤلف |
||
| 245 | 0 |
_aالتصادم البحري ودور العنصر البشري في وقوعه / _c محمد عبد الفتاح ترك |
|
| 260 |
_aالاسكندرية: _bدار الجامعة الجديدة للنشر, _c2003 |
||
| 300 |
_a455 صفحة؛ _bإيضاحات ؛ _c25 سم |
||
| 490 | _aالمكتبة القانونية | ||
| 520 | _aالتصادم البحري- صور الخطأ في التصادم البحري- إثبات الخطأ في التصادم البحري | ||
| 653 | _aالقانون البحري | ||
| 653 | _aالنقل البحري | ||
| 942 | _cكتاب | ||
| 999 |
_c42633 _d42633 |
||